[Event "Saint Louis Winter GM"]
[Site "Saint Louis"]
[Date "2018.02.10"]
[Round "5"]
[White "Vorontsov, Pavlo"]
[Black "Patel, Advait"]
[Result "1-0"]
[WhiteElo "2559"]
[BlackElo "2478"]
[PlyCount "71"]
[EventDate "2018.02.08"]
[EventType "tourn"]
[EventRounds "9"]
[EventCountry "USA"]
[EventCategory "9"]
[SourceTitle "CBM 182 Extra"]
[Source "ChessBase"]
[SourceDate "2018.02.23"]
[SourceVersion "1"]
[SourceVersionDate "2018.02.23"]
[SourceQuality "1"]

1. e4 e5 2. Nf3 Nc6 3. Bb5 a6 4. Ba4 Nf6 5. d3 b5 6. Bb3 Bc5 7. Nc3 d6 8. Nd5 h6 9. Nxf6+ Qxf6 10. Bd5 Bd7 11. c3 0-0 12. Rg1 h5 13. h3 Rae8 14. g4 hxg4 15. hxg4 Ne7 16. Bg5 Qg6 17. Bb3 Be6 18. Qd2 Bxb3 19. Bxe7 Rxe7 20. Nh4 Qf6 21. Nf5 Rd7 22. axb3 d5 23. exd5 Rxd5 24. b4 Bb6 25. Rh1 Re8 26. f3 Qg6 27. 0-0-0 f6 28. Rh5 Rd7 29. Qh2 Red8 30. Nh4 Qe8 31. Nf5 Qg6 32. Rh1 Kf7 33. Rh7 Rg8 34. Qc2 Ke8 35. d4 Qf7 36. Nh6 1-0